00338nam a2200121Ia 4500008004100000024001400041082001900055100001600074245004100090260002600131600002100157650003800178260210s9999 xx 000 0 und d a00A-BS-62 a004.678072 ASM aAsma Khalil 0aSearch Zone: web based search engine aKarachi:bUITU,c2000 aComputer Science aBachelor of Computer Science (BS)